The Alps /
I tiakina i:
| Kaituhi matua: | |
|---|---|
| Ētahi atu kaituhi: | , |
| Hōputu: | Mahere whenua |
| I whakaputaina: |
Washington, EUA :
National Geographic Society,
1985, c1985
|
| Rangatū: | (Traveler's Map)
|
| Ngā marau: | |
| Ngā Tūtohu: |
Kāore He Tūtohu, Me noho koe te mea tuatahi ki te tūtohu i tēnei pūkete!
|
MARC
| LEADER | 00000nem^a2200000^a^4500 | ||
|---|---|---|---|
| 001 | 000131866 | ||
| 005 | 20250521000000.0 | ||
| 009 | 20260310095037.373 | ||
| 037 | |a Acervo ITESO - Biblioteca | ||
| 041 | |a GRA | ||
| 082 | |a 912. 4947 |b GAR | ||
| 100 | |a Garver, John B. |e (autor) | ||
| 245 | 1 | 4 | |a The Alps / |c J.B. Garver ; colaboración de J.F. Shupe ; ed. de W.E. Garrett. |
| 255 | |a Escala 1 : 1 057 000 | ||
| 264 | 4 | |a Washington, EUA : |b National Geographic Society, |c 1985, c1985 | |
| 300 | |a 1 mapa | ||
| 336 | |a imagen cartográfica estática |b cri |2 rdacontenido | ||
| 337 | |a sin mediación |b n |2 rdamedio | ||
| 338 | |a mapa |b nz |2 rdasoporte | ||
| 440 | 1 | |a (Traveler's Map) | |
| 546 | |a Edición gráfica con texto en inglés | ||
| 649 | |a XX | ||
| 650 | |a Alpes - |x Mapas | ||
| 650 | |a Montañas - |z Europa - |x Mapas | ||
| 650 | |a Orografía - |z Europa | ||
| 650 | |a Europa - |x Mapas | ||
| 650 | |a Cartografía - |z Europa | ||
| 650 | |a Geografía - |z Europa | ||
| 700 | |a Shupe, John F. |e (colaboración) | ||
| 700 | |a Garrett, Wilbur E. |e (edición) | ||
| 910 | |a Fondo General | ||
| 920 | |a Gráficos - Mapas | ||
| 905 | |a 503 | ||
| 901 | |a 0500061118 |b IT2 |c MAP |u 20250521 | ||
| 902 | |a https://opac.biblio.iteso.mx/vufind/Record/000131866 | ||